000 00756nam a2200205Ii 4500
003 JO-AjNU
008 230605s9999||||xx |||||||||||||| ||und||
040 _aJO-AjNU
_bara
_erda
_cJO-AjNU
041 _aara
050 1 4 _aBP144.H85 1974
100 3 _aالحصري، أحمد,
_eauthor
_947140
245 0 0 _aالقصاص- الديات- العصيان المسلح في الفقه الإسلامي
250 _aط2
264 3 1 _aعمان: وزارة الاوقاف والشؤون والمقدسات الإسلامية، 1974
300 _a783ص
336 _atext
_btxt
_2rdacontent
337 _aunmediated
_bn
_2rdamedia
338 _avolume
_bnc
_2rdacarrier
650 4 _aالجنايات-فقه اسلامي-القصاص- فقه اسلامي
_947141
999 _aA20557
_c24125
_d24125